[Event "RUS-chT Premier League 2018"]
[Site "Sochi"]
[Date "2018.05.08"]
[Round "7"]
[White "Usmanov, Vasily"]
[Black "Motylev, Alexander"]
[Result "1/2-1/2"]
[WhiteElo "2472"]
[BlackElo "2660"]
[Annotator "TA"]
[PlyCount "186"]
[EventDate "2018.??.??"]
[EventCountry "RUS"]
[SourceTitle "playchess.com"]
[Source "ChessBase"]
[SourceQuality "1"]

{[%evp 15,186,0,0,0,3,0,12,0,10,9,12,-48,-45,-47,20,0,12,0,0,0,0,0,7,8,116,103,74,59,62,55,57,49,54,56,130,130,178,162,177,159,150,153,148,155,215,117,128,32,85,91,93,86,111,0,84,85,85,82,85,85,82,82,88,83,90,89,82,8,29,11,19,19,19,19,19,8,8,8,8,8,8,8,8,0,0,0,8,8,8,8,8,8,8,8,8,8,8,8,8,8,8,8,8,8,8,8,8,8,8,8,8,8,8,8,8,8,8,0,8,8,8,8,8,8,8,8,8,0,0,0,8,8,8,8,8,8,8,0,0,0,0,0,0,0,0,0,0,0,0,0,0,0,0,0,0,0,0,0,0,0,0,0,0,0,8,8,8,8,8,8,8,8,8]} 1. Nf3 d5 2. e3 Nf6 3. c4 e6 4. Nc3 Be7 5. d4 O-O 6. Be2 b6 7. cxd5 exd5 8. O-O Bb7 {LiveBook: 6 Games} 9. b3 {E14: Queen's Indian: Classical Variation (4 e3)} (9. Ne5 c5 10. f4 Nc6 11. Kh1 Ne4 12. Bb5 Rc8 13. Nxe4 dxe4 14. dxc5 Nxe5 15. fxe5 Rxc5 16. Ba4 Rxe5 {½-½ (36) Adly,A (2599)-Radjabov,T (2710) Doha 2016}) 9... a6 10. Bb2 Bd6 11. Ne5 Re8 $146 ({Predecessor:} 11... Nfd7 12. f4 f6 13. Ng4 b5 14. Qd3 Nb6 15. Rf3 b4 16. Nd1 N8d7 {1-0 (56) Fenoglio,V-Villegas,B Buenos Aires 1938}) 12. f4 c5 13. g4 (13. Na4 $11) 13... cxd4 $15 14. exd4 Bb4 ({Black should play} 14... Nc6 $15 15. g5 Ne4) 15. Rc1 Bxc3 16. Rxc3 Ne4 17. Rh3 f6 18. Nd3 Qe7 19. Nf2 Ng3 (19... b5 $1 $11) 20. Bd3 $16 Ne2+ 21. Bxe2 Qxe2 22. Qb1 g6 23. f5 $36 {[%mdl 2048] White is pushing.} g5 24. Bc3 Qb5 (24... Qe7 $1 $14) 25. Re1 $1 {[%cal Re1e6]} Rxe1+ 26. Qxe1 {White threatens Qe6+ and mate.} Qd7 27. Re3 $1 {[%cal Re3e7]} Nc6 28. h4 $1 h6 {[#]} 29. Kg2 $1 Kg7 (29... Rf8 $16) 30. Nd3 (30. Re6 $18) 30... a5 31. Nb2 (31. Re6 $16) 31... Ba6 (31... Qc7 $14) 32. Na4 Qc7 33. Bd2 Rh8 34. Re8 (34. Rh3 $16 {Black must now prevent hxg5.} Qd8 35. hxg5 hxg5 36. Rxh8 Kxh8 37. Qe6 Nxd4 38. Qxb6 Qxb6 39. Nxb6) 34... Rf8 (34... Bd3 $1 $11 {remains equal.}) 35. hxg5 hxg5 {[#]} 36. Rxf8 $1 Kxf8 37. Qe6 Qe7 38. Qxe7+ ({Don't play} 38. Nxb6 Qxe6 39. fxe6 Nxd4 $14) 38... Kxe7 39. Nxb6 {[%mdl 4096] Endgame KBN-KBN} Kd6 40. Na4 Bd3 41. Nc5 (41. Bc1 $16) 41... Bb1 (41... Be2 {is more complex.} 42. Kg3 Nxd4 43. Nb7+ Kc7 44. Nxa5 Nf3) 42. a3 {With the idea Nb7+.} Bc2 {The position is equal.} 43. Bc3 Kc7 44. b4 axb4 45. Ne6+ Kd6 46. Bxb4+ Nxb4 47. axb4 $11 {Threatens to win with b5. KB-KN} Bd1 48. Kg3 Be2 49. Nc5 Kc6 50. Na4 Bd3 51. Kf3 Bc2 52. Nc3 {b5+ is the strong threat.} Bd3 53. Ke3 Bf1 54. Na4 $1 Bh3 55. Kf3 Bf1 $1 56. Nc5 Bc4 57. Ke3 Bf1 58. Ne6 Kd6 59. Ng7 Bb5 60. Nh5 Ke7 61. Ng3 Kd6 62. Kd2 Bc4 63. Kc3 Bb5 64. Kb3 Ke7 65. Kc2 Kd6 66. Kd2 Kd7 67. Nh5 Ke7 68. Ng7 Kd6 69. Ne6 Kd7 70. Nc5+ Kc6 71. Nb3 Kb6 72. Na1 Kc6 73. Nc2 Ba6 74. Ne3 Bb5 75. Nd1 Bf1 76. Nc3 Kd6 77. b5 Bc4 $1 78. Kc1 Kc7 79. Kc2 $1 Kb7 80. Kb1 Kc7 81. Ka1 Kb7 82. Kb2 {Hoping for Ka3.} Kb6 83. Kc1 {aiming for Kb2.} Kb7 84. Kc2 Kc7 85. Kb2 Kb6 86. Ka3 Ka5 87. Nd1 {And now Nc3 would win.} Kxb5 88. Ne3 Be2 89. Nxd5 Kc4 90. Nxf6 {Strongly threatening d5.} Kxd4 91. Nh7 Ke5 92. Nxg5 Bxg4 93. f6 Kxf6 {Precision: White = 71%, Black = 65%.} 1/2-1/2

[Event "RUS-chT Premier League 2018"]
[Site "Sochi"]
[Date "2018.05.08"]
[Round "7"]
[White "Bezgodov, Alexei"]
[Black "Paravyan, David"]
[Result "0-1"]
[WhiteElo "2460"]
[BlackElo "2620"]
[Annotator "TA"]
[PlyCount "68"]
[EventDate "2018.??.??"]
[EventCountry "RUS"]
[SourceTitle "playchess.com"]
[Source "ChessBase"]
[SourceQuality "1"]

{[%evp 26,68,-39,-36,12,5,11,0,0,0,0,0,0,0,0,0,0,0,0,0,0,0,0,0,0,-38,-44,-45,-54,-36,-27,-154,-135,-343,-329,-347,-352,-333,-326,-286,-319,-392,-386,-407,-395]} 1. e4 c5 2. Nf3 d6 3. d4 cxd4 4. Nxd4 Nf6 5. Nc3 a6 6. Bg5 e6 7. f4 h6 8. Bh4 Qb6 9. Qd2 Qxb2 10. Rb1 Qa3 11. e5 dxe5 {B97: Sicilian Najdorf: Poisoned Pawn} 12. fxe5 g5 13. exf6 gxh4 14. Be2 {LiveBook: 70 Games} e5 15. Nb3 $146 ({Predecessor:} 15. Nd5 exd4 16. Nc7+ Kd8 17. Nxa8 Nd7 18. O-O Qc5 19. Bf3 {½-½ (38) Lampert,J (2472)-Ragger,M (2694) Karlsruhe 2016}) 15... Be6 16. Bf3 ({Much worse is} 16. Rd1 Nc6 $17) 16... Nc6 {aiming for ...Bb4.} 17. O-O Rd8 18. Nd5 Bxd5 19. Bxd5 Nb4 20. c4 {[#] Strongly threatening Qe3.} Nxd5 21. cxd5 Qb4 22. Qe3 Bd6 23. Kh1 Rg8 {[%cal Bh8g8,Bg8g4,Bg4g2][%mdl 32]} 24. Nd2 Qg4 {[%csl Gg8][%cal Rg4g2] [#]} 25. Rf2 {Hoping for Ne4.} (25. Rg1 $5 {[%cal Rd2e4]}) 25... Qd4 $1 {[%cal Rd4e3]} 26. Qf3 Rg4 27. Re1 Kf8 28. Qe2 (28. Re4 $1 $11 {keeps the balance.} Rxe4 29. Nxe4) 28... Bc5 $36 {[%mdl 2048] Keeping White busy.} 29. Rf5 $2 (29. Rd1 $17 {was called for.}) 29... h3 $1 $19 {[%cal Rh3g2]} ({Not} 29... Rxd5 30. Rff1 $15) 30. Nf3 hxg2+ 31. Qxg2 Rxg2 32. Nxd4 Rxa2 ({Worse is} 32... Bxd4 33. Kxg2 Rxd5 34. Rc1 $11) 33. Nf3 {intending Rh5.} Rf2 34. Rexe5 Re8 {Precision: White = 56%, Black = 90%.} 0-1

[Event "RUS-chT Premier League 2018"]
[Site "Sochi"]
[Date "2018.05.08"]
[Round "7"]
[White "Shinkevich, Vitaly"]
[Black "Vitiugov, Nikita"]
[Result "1/2-1/2"]
[WhiteElo "2433"]
[BlackElo "2740"]
[Annotator "TA"]
[PlyCount "152"]
[EventDate "2018.??.??"]
[EventCountry "RUS"]
[SourceTitle "playchess.com"]
[Source "ChessBase"]
[SourceQuality "1"]

{[%evp 16,152,17,28,17,12,20,0,0,0,10,0,0,0,0,0,10,1,18,6,20,9,39,43,45,39,52,54,58,34,41,39,44,46,47,29,84,89,75,69,197,211,185,139,132,135,138,149,141,93,96,91,85,97,93,83,151,149,143,144,155,155,154,154,147,143,183,186,180,180,180,178,173,159,285,289,283,204,219,191,191,190,185,191,186,183,175,173,186,185,231,219,212,194,220,220,231,195,275,163,177,170,197,205,200,190,212,213,195,131,220,220,220,219,220,219,219,203,219,184,178,148,148,0,108,108,156,156,156,47,74,22,30,22,32,32,33,30,34]} 1. c4 e5 2. Nc3 Nf6 3. Nf3 Nc6 4. d3 d5 5. cxd5 Nxd5 6. e4 Nb6 {A28: English Opening: Four Knights Variation} (6... Nf6 7. h3 Bc5 8. Be2 Be6 9. O-O Qe7 10. Na4 Bd4 11. Be3 Rd8 12. Qc1 Qb4 13. Qc2 O-O 14. a3 {½-½ (50) Alekseev,E (2700)-Caruana,F (2680) Dagomys 2010}) 7. Be3 Bg4 8. Be2 Bxf3 9. Bxf3 {LiveBook: 4 Games} Be7 10. O-O O-O 11. a3 Nd4 $146 ({Predecessor:} 11... Nd7 12. b4 Bd6 13. g3 a5 14. b5 {0-1 (37) Barannikov,V (2071)-Moiseenko,V (2307) Anapa 2010}) 12. Bg4 c6 13. Ne2 Nxe2+ 14. Qxe2 Bg5 15. Bc5 Re8 16. Rfd1 Qc7 17. g3 Rad8 18. h4 Be7 19. Be3 Nd7 20. Rac1 Nf6 21. Bh3 ({Avoid the trap} 21. Bxa7 $2 Nxg4 22. Qxg4 b6 $19) 21... Bd6 22. Qc2 Ra8 23. Kg2 h6 24. Re1 a5 25. Rcd1 a4 (25... c5 $11) 26. d4 $16 exd4 27. Bxd4 Nh7 (27... Be5 $14) 28. f4 $18 c5 29. Bf2 Nf8 30. e5 Be7 31. Kh2 b5 32. Rd5 Rad8 33. Red1 Rxd5 34. Rxd5 Rd8 35. Qd1 c4 ({Better is} 35... Ne6) 36. Rxd8 $16 Bxd8 37. Qd5 Be7 38. Qxb5 {Black must now prevent Bd4.} c3 39. bxc3 Qxc3 40. Qxa4 Qb2 41. Qd4 Qxa3 42. f5 Qf3 43. Bg4 Qc6 44. Bd1 Qc8 (44... g6 $16 45. e6 fxe6 46. fxg6 (46. f6 Bd6 $18) 46... Nxg6) 45. Qe4 $18 Qc3 46. Kh3 Qd2 47. Qd4 Qa2 48. Bf3 Qb1 49. Be4 Qf1+ 50. Bg2 Qe2 51. Qe3 Qc4 52. Qe4 Qa2 53. Bd4 Qc4 54. Be3 Qc8 55. Kh2 Qc3 56. Bf4 Qc8 (56... Qb4 $142 57. Kh3 Qb5) 57. Qb7 (57. Bf1 $142) 57... Qxb7 58. Bxb7 {[%mdl 4096] Endgame KBB-KBN} Nd7 59. Bc6 Nc5 60. Bb5 Kf8 61. Kg2 Nb3 62. f6 (62. Be3 $18) 62... gxf6 (62... Bb4 $16 {might work better.} 63. Kh3 Nd4) 63. Bxh6+ Kg8 64. exf6 Bxf6 65. Bc4 Nd4 {and the idea ...Nf5 leaves Black hopeful.} 66. Bc1 Kg7 67. Kh3 Nf3 68. Be3 Bd4 69. Bc1 ({White should play} 69. Bxd4+ $16 Nxd4 70. Kg4) 69... Ne5 (69... Bf6 $1 $11 {remains equal.} 70. Bd3 Bc3) 70. Be2 $16 f6 71. g4 Bf2 72. g5 (72. Bd2 $16) 72... fxg5 $14 73. hxg5 (73. Bxg5 $16 {aiming for h5.} Kg6 74. Bc1) 73... Bd4 74. Bf4 Nf7 75. Kg4 Nxg5 76. Kxg5 Bc3 {Precision: White = 52%, Black = 55%.} 1/2-1/2

[Event "RUS-chT Premier League 2018"]
[Site "Sochi"]
[Date "2018.05.08"]
[Round "7"]
[White "Faizrakhmanov, Ramil"]
[Black "Lysyj, Igor"]
[Result "0-1"]
[WhiteElo "2419"]
[BlackElo "2630"]
[Annotator "TA"]
[PlyCount "162"]
[EventDate "2018.??.??"]
[EventCountry "RUS"]
[SourceTitle "playchess.com"]
[Source "ChessBase"]
[SourceQuality "1"]

{[%evp 22,162,-12,-4,-3,-17,-10,-21,-22,-5,-11,-8,-8,-19,-19,-32,-25,-21,-28,-39,-31,-41,-39,-42,-8,-16,-5,-22,0,0,0,-4,7,0,0,-9,-9,-14,-10,-10,-10,-10,-11,-16,-9,-18,-12,-16,-10,-10,-17,-20,-8,-2,-10,-14,-15,-34,-30,-65,-65,-74,-73,-59,-55,-97,-66,-71,-33,-33,-33,-33,-33,-33,-33,-33,-33,-35,-33,-33,0,-95,0,-33,0,-95,-95,-95,-95,-95,-95,-95,-95,-95,-95,-76,-32,-32,-8,-8,-8,-8,-8,-8,-8,-23,-20,-21,-21,-3422,-5073,-3614,-3116,-2749,-2525,-2359,-2276,-2304,-1800,-29975,-29977,-29977,-29977,-29968,-54,-54,-8,-29974,-29973,-29983,-8,-8,-8,-29978,-29977,-29985,-29986,-29985,-29987,-29991,-29992,-29992,-29993]} 1. d4 Nf6 2. c4 e6 3. Nf3 d5 4. Nc3 dxc4 5. e3 a6 6. a4 c5 7. Bxc4 Nc6 8. O-O Be7 9. Qe2 O-O 10. Rd1 Qc7 11. dxc5 Bxc5 12. Bd2 {LiveBook: 12 Games. D27: Queen's Gambit Accepted: Classical main line: 7 e4!? and 7 a4} Bd7 (12... b6 13. Bd3 Bb7 14. Ne4 Nxe4 15. Bxe4 Qe7 16. Rac1 Rfd8 17. Bc3 Nb4 18. Bxb7 Qxb7 19. Bxb4 Bxb4 20. Ne5 Rxd1+ 21. Qxd1 Rc8 22. g3 Be7 23. Rxc8+ Qxc8 24. Qf3 Bf6 25. Nc6 Qd7 26. b4 h6 27. b5 axb5 28. axb5 Qd3 {½-½ (28) Keymer,V (2403)-Korobov,A (2664) Karlsruhe 2018}) 13. Bd3 $146 ({Predecessor:} 13. Rac1 Rac8 14. h3 Ne5 15. Ba2 Nxf3+ 16. Qxf3 Bc6 17. Qe2 Qe5 18. Bb1 Rfd8 19. Kh1 Qg5 {0-1 (49) Jansson,A (2215)-Netzer,J (2404) Stockholm 2007}) 13... Be7 14. Ne4 {The position is equal.} Nd5 15. Be1 Rfd8 16. Rac1 Be8 17. Nc3 Ndb4 18. Bb1 Rxd1 19. Rxd1 Rd8 (19... Rc8 {keeps more tension.} 20. b3 Ne5 21. Nd4 g6 22. Na2 Nd5) 20. Rxd8 Qxd8 21. Qc4 g6 22. h3 Bf8 23. Ne4 Nd5 24. Qb3 Qe7 25. Bd3 Bg7 26. Bc4 Nf6 27. Nxf6+ Bxf6 28. Bc3 Bxc3 29. Qxc3 Qb4 30. Qxb4 Nxb4 $11 {[%mdl 4096] Endgame KBN-KBN} 31. b3 Kf8 32. Kf1 Ke7 33. g4 h6 34. h4 Kd6 35. Ke2 Bc6 {White must now prevent ...b5.} 36. Nd4 g5 37. hxg5 hxg5 38. Kd2 Bd7 39. f4 e5 40. Ne2 exf4 41. exf4 f6 $1 42. f5 b5 43. axb5 axb5 44. Bf7 $1 Nc6 45. Nc3 Ne5 46. Ne4+ Ke7 47. Bh5 Bc6 48. Ke3 b4 49. Nc5 $1 Bd5 50. Na6 $1 Nc6 51. Nc5 (51. Be8 $1 $11) 51... Ne5 (51... Nb8 $17) 52. Na6 $1 $15 Nc6 (52... Bxb3 $15 53. Nxb4 Bc4) 53. Nc5 $17 Kd6 54. Nb7+ Kd7 $1 55. Nc5+ Ke7 $1 56. Kd3 Kd6 57. Nb7+ Kc7 58. Nc5 Ne5+ 59. Ke3 $1 Kb6 60. Kd4 $1 {[%cal Rd4d5]} Bf3 61. Ne6 $1 Bxg4 62. Bxg4 Nxg4 $11 {KN-KN} 63. Ng7 Kc6 {...Nh6 is the strong threat.} 64. Nh5 Kd6 65. Kc4 $2 {[%mdl 8192]} (65. Ng3 $11) 65... Ke5 $1 $19 66. Kxb4 Ne3 67. Kc3 Nxf5 68. Kd3 Nd6 69. b4 f5 {[%cal Bf6f5,Bf5f4][%mdl 32]} 70. Ke3 g4 71. Kf2 f4 72. Kg2 Ne4 $2 (72... Kf5 73. Kh2 Nb5 74. Ng7+ Kf6 75. Nh5+ Kg5 76. Ng7 Nc7 77. b5 Nxb5 78. Ne6+ Kf5 79. Ng7+ Kf6 80. Ne8+ Kf7 81. Ng7 Kxg7 82. Kg1 Nd6 83. Kf2 Ne4+ 84. Ke2 f3+ 85. Ke3 f2 86. Kf4 g3 87. Kf3 f1=Q+ 88. Ke3 g2 89. Kxe4 g1=Q 90. Kd5 Qf5+ 91. Kc6 Qgc5+ 92. Kb7 Qfc8#) 73. b5 $15 f3+ 74. Kh2 $2 {[%mdl 8192]} (74. Kg1 $11) 74... Kd6 75. Ng7 {[#]} Kc5 $2 (75... g3+ $1 {mates} 76. Kg1 Ke5 77. Nh5 g2 78. b6 Nc3 79. Kf2 Ne2 80. Kxf3 g1=Q 81. Kxe2 Qg6 82. Kd2 Qxh5 83. Kc3 Qg4 84. b7 Qf3+ 85. Kb4 Qxb7+ 86. Kc4 Qf3 87. Kc5 Qd5+ 88. Kb4 Kd4 89. Ka3 Kc3 90. Ka4 Qh5 91. Ka3 Qa5#) 76. Nf5 $1 $11 Kxb5 77. Kg1 $2 {[%mdl 8192]} (77. Ne3 $11) 77... Kc5 {Black mates.} 78. Ne3 g3 79. Nf5 Kd5 80. Nh4 {[#]} f2+ $1 81. Kg2 Nd2 {Precision: White = 55%, Black = 61%.} 0-1

[Event "RUS-chT Premier League 2018"]
[Site "Sochi"]
[Date "2018.05.08"]
[Round "7"]
[White "Drygalov, Sergey"]
[Black "Yuffa, Daniil"]
[Result "0-1"]
[WhiteElo "2418"]
[BlackElo "2566"]
[Annotator "TA"]
[PlyCount "136"]
[EventDate "2018.??.??"]
[EventCountry "RUS"]
[SourceTitle "playchess.com"]
[Source "ChessBase"]
[SourceQuality "1"]

{[%evp 21,136,17,27,-25,-21,-52,10,14,32,19,24,0,0,0,0,-11,0,-34,-28,-33,-11,-83,0,0,0,-94,-60,-60,-60,-59,-59,-59,-52,-60,-58,-60,-60,-53,-52,-75,-52,-53,-55,-78,-68,-64,-58,-68,-61,-65,-61,-61,-52,-161,-148,-162,-135,-119,-61,-82,-82,-198,-198,-264,-264,-264,-264,-264,-264,-264,-420,-311,-264,-264,-256,-1001,-437,-437,-437,-1308,-1287,-1244,-1244,-1244,0,-1177,-999,-1162,-1091,-1084,-1053,-547,0,-500,-112,-112,-127,-120,-166,-7441,-6168,-6079,-3089,-29973,-29974,-29974,-29975,-29975,-29976,-29977,-29977,-29977,-29978,-29978,-29979,-29978,-29979]} 1. d4 Nf6 2. Nf3 g6 3. c4 Bg7 4. g3 O-O 5. Bg2 c5 6. Nc3 cxd4 7. Nxd4 Nc6 8. O-O Qa5 9. e3 d6 {A39: Symmetrical English vs ...g6: 4 Bg2 Bg7 5 Nf3 Nf6 6 0-0 0-0 7 d4} 10. Qe2 Bg4 11. f3 Bd7 {LiveBook: 3 Games. The position is equal.} 12. Nc2 $146 (12. Rd1 $142) ({Predecessor:} 12. Rd1 Rac8 13. Nxc6 bxc6 14. Bd2 Qa6 15. e4 Be6 16. b3 d5 17. cxd5 Qxe2 18. Nxe2 cxd5 {½-½ (66) Laznicka,V (2679)-Vachier Lagrave,M (2762) Dubai 2014}) 12... Be6 $11 13. Bd2 Qc5 (13... Qa6 $15 14. b3 d5) 14. b3 d5 {[%cal Rd5c4]} 15. Na4 Qd6 16. c5 Qc7 17. Nd4 Bd7 18. Rac1 Rad8 19. Nc3 a6 20. Rfd1 Rfe8 21. a4 (21. Na4 $11) 21... Nxd4 ({Better is} 21... Nb8 $17) 22. exd4 e5 23. dxe5 (23. Qf2 $11 {keeps the balance.}) 23... Rxe5 24. Bf4 Qxc5+ 25. Qf2 Qxf2+ 26. Kxf2 Ree8 27. Nxd5 Nxd5 28. Rxd5 Be6 29. Rxd8 Rxd8 30. Rc7 Bd4+ 31. Be3 Bxb3 32. a5 Bxe3+ 33. Kxe3 $17 {[%mdl 4096] Endgame KRB-KRB} Bd5 34. Bh3 Re8+ 35. Kf2 $1 Kf8 36. f4 Re7 37. Rxe7 ({White should play} 37. Rc8+ $15 Kg7 38. Bg4) 37... Kxe7 $15 {KB-KB} 38. Ke3 Kd6 39. Kd4 f6 (39... Kc6 $17 40. Bf1 f6) 40. Bf1 Kc6 41. h4 (41. Be2 $17) 41... Bf3 $1 $19 42. Ke3 (42. Bc4 $142) 42... Bg4 43. Kd4 b6 $1 44. axb6 Kxb6 45. Bc4 a5 {[%cal Ba6a5,Ba5a4,Ba4a3][%mdl 32]} 46. Bg8 h6 47. Bf7 Kb5 48. Bxg6 $2 {[#]} (48. Kc3 g5 49. fxg5 fxg5 50. Be8+ Kc5 51. Ba4) 48... Kb4 $1 49. Bf7 a4 50. Kd3 a3 51. Kd2 Bf3 52. Be6 Bg4 53. Bf7 $1 Bd7 54. Ba2 h5 55. Bf7 {[#]} Be8 $1 {[%mdl 512]} 56. Be6 {[#]} (56. Bxe8 a2) 56... Bd7 $1 {[%mdl 512]} 57. Bf7 {If only White now had time for Kc2....} (57. Bxd7 a2) 57... Ba4 $2 (57... Bf5 $19 {is more deadly.} 58. Ba2 Be4) 58. Kc1 $17 {[#]} Kc3 $1 {( -> ...Bb3)} 59. Kb1 Bd1 {Strongly threatening ...Kd2.} 60. Be6 $2 (60. Ka2) 60... Kd4 61. Ka2 Ke3 62. g4 hxg4 {Black mates.} 63. h5 Kxf4 64. h6 Bc2 65. Kxa3 Kg5 66. Kb2 Bh7 67. Kc3 f5 68. Kd4 Kxh6 {Precision: White = 41%, Black = 73%.} 0-1

[Event "RUS-chT Premier League 2018"]
[Site "Sochi"]
[Date "2018.05.08"]
[Round "7"]
[White "Saveliev, Alexei"]
[Black "Oparin, Grigoriy"]
[Result "0-1"]
[WhiteElo "2354"]
[BlackElo "2584"]
[Annotator "TA"]
[PlyCount "70"]
[EventDate "2018.??.??"]
[EventCountry "RUS"]
[SourceTitle "playchess.com"]
[Source "ChessBase"]
[SourceQuality "1"]

{[%evp 23,70,0,0,0,0,-11,40,33,43,43,43,46,46,45,44,40,40,41,147,136,328,322,418,341,407,384,429,370,354,241,375,253,370,361,387,209,195,186,183,14,12,-19,0,-29985,-29986,-29986,-29987,-29987,-29988]} 1. e4 c5 2. Nf3 Nc6 3. Nc3 e5 4. Bc4 Be7 5. d3 d6 6. O-O Nf6 7. Ng5 O-O 8. f4 Bg4 {B30: Sicilian: 2...Nc6 3 Bb5, lines without ...g6} 9. Qe1 exf4 10. Bxf4 Nd4 11. Qf2 h6 12. Nf3 Nxf3+ $1 {LiveBook: 5 Games} 13. gxf3 Bh3 $1 14. Rfe1 (14. Kh1 Nh5 15. Be3 Bh4 16. Qe2 Bxf1 17. Qxf1 {0-1 (51) Vachier Lagrave,M (2804)-Yu,Y (2729) Doha 2016}) 14... Kh7 $146 (14... Nh5 $11 15. Bg3 Bf6) ({Predecessor:} 14... Qd7 15. Kh1 Nh5 16. Be3 {½-½ (41) Cuevas,A (2227)-Di Benedetto,G (2312) Villa Martelli 2008}) 15. Bg3 Nh5 16. Nd5 f5 {White must now prevent ...f4.} 17. f4 Bf6 18. c3 g5 19. Qf3 {e5 is the strong threat.} Bg4 20. Qg2 Bg7 {[#]} (20... b5 $14 21. Bxb5 gxf4 22. Nxf4 (22. Bxf4 Rg8 $11) 22... Nxf4 23. Bxf4 Bg5 24. Bxg5 Qxg5) 21. exf5 $1 $16 {aiming for Re7.} Bxf5 $2 (21... gxf4 $16 {keeps fighting.} 22. Bxf4 (22. Nxf4 Nxf4 23. Bxf4 Bxf5 $16) 22... Nxf4 23. Qxg4 (23. Nxf4 Bxf5 24. Ne6 Bxe6 $16) 23... Qg5 24. Qxg5 hxg5 25. Nxf4 gxf4) 22. Re7 $18 b5 23. Bxb5 Rb8 24. Bc4 Re8 25. Rae1 Rxe7 26. Rxe7 {And now fxg5 would win.} gxf4 (26... Kh8 $142 27. Qe2 (27. Rxa7 gxf4 28. Bxf4 Qh4 $16) 27... Nxf4 28. Bxf4 gxf4 29. Nxf4 a6) 27. Bxf4 Bg6 (27... Kh8 $142 28. Bc1 (28. Rxa7 Qh4 $18) 28... Be5 29. Bxh6 Qg8 30. Qxg8+ (30. Rxa7 Qxg2+ 31. Kxg2 Rxb2+ 32. Kf3 Rxh2 $16) 30... Rxg8+ 31. Kf2 Bh3) 28. Bg3 Nxg3 29. Qxg3 (29. hxg3 $142 Kh8 30. Rxa7) 29... Qf8 30. Qxd6 Rxb2 {( -> ...Qf2+)} 31. Nf4 $2 (31. Qf4 $18 {White threatens Qxf8 and mate.} Bf5 32. Rxa7) 31... Rb6 $1 $11 {[%cal Rb6d6]} 32. Qc7 {Hoping for Bf7.} Qf6 33. Qd8 $2 {[%mdl 8192] [#]} (33. Bb3 $11) 33... Qg5+ {Black mates.} 34. Ng2 Rb1+ 35. Kf2 Rb2+ {Precision: White = 57%, Black = 38%.} 0-1

[Event "RUS-chT Premier League 2018"]
[Site "Sochi"]
[Date "2018.05.08"]
[Round "7"]
[White "Skatchkov, Valery"]
[Black "Matlakov, Maxim"]
[Result "0-1"]
[WhiteElo "2338"]
[BlackElo "2704"]
[Annotator "TA"]
[PlyCount "76"]
[EventDate "2018.??.??"]
[EventCountry "RUS"]
[SourceTitle "playchess.com"]
[Source "ChessBase"]
[SourceQuality "1"]

{[%evp 22,76,12,0,5,-11,4,-32,-26,-34,-9,-1,0,-66,-56,-67,-25,-16,-26,-49,-39,-60,-52,-72,-67,-62,-47,-43,-29,-55,-54,-56,-51,-57,-56,-59,-56,-60,-42,-59,-39,-111,-109,-132,-139,-192,-183,-188,-171,-156,-148,-279,-286,-1774,-1540,-1472,-1313]} 1. d4 Nf6 2. c4 e6 3. Nf3 d5 4. g3 Bb4+ 5. Bd2 Be7 6. Bg2 O-O 7. O-O Nbd7 8. Qc2 c6 9. Bf4 Ne4 10. Nc3 g5 {E08: Closed Catalan: Main Line: 7 Qc2} 11. Be3 (11. Bc1 f5 12. b3 b6 13. Bb2 Bb7 14. Rad1 Qe8 15. Ne5 Nxe5 16. dxe5 Nxc3 17. Qxc3 Rc8 18. e3 {1-0 (75) Le,Q (2739)-Nakamura,H (2792) Saint Louis 2017}) 11... Nd6 {[%cal Be4d6,Bd6f5,Bf5e3][%mdl 32]} 12. cxd5 {LiveBook: 3 Games} exd5 {The position is equal.} 13. Rad1 $146 ({Predecessor:} 13. Qc1 h6 14. h4 f6 15. Na4 Nb6 16. Nc5 Nbc4 17. b3 Nxe3 18. Qxe3 {½-½ (51) Kezin,R (2439)-Vakhlamov,I (2405) Moscow 2017}) 13... Nb6 14. Qc1 {[%cal Rf3g5]} (14. Ne1 {keeps more tension.} f5 15. Nd3 Bf6 16. b3 a5 17. Nc5) 14... f6 15. b3 a5 16. Ne1 Nf5 17. Nc2 ({White should play} 17. Bd2 $11) 17... Nxe3 $15 18. Qxe3 Bf5 19. Qd2 Bb4 20. Rfe1 Bxc2 21. Qxc2 f5 $1 22. Rd3 Nc8 23. Rf1 Bxc3 24. Rxc3 Nd6 25. Rc5 h5 {[%cal Bh7h5,Bh5h4][%mdl 32]} 26. a3 Qf6 27. e3 h4 28. b4 axb4 29. axb4 Rad8 30. Qd3 Qe6 31. Rfc1 (31. gxh4 $15 gxh4 32. Kh1) 31... Rd7 $17 32. Bf3 hxg3 33. hxg3 {[#]} (33. fxg3 $17 Re8 34. Re1) 33... f4 $1 $19 {[%cal Rf4g3]} 34. exf4 gxf4 35. g4 Rg7 36. R5c2 (36. Kf1 $17) 36... Rxg4+ 37. Bxg4 $2 {[#]} (37. Kf1 Rh4 38. Re2) 37... Qxg4+ 38. Kh2 Rf5 {Precision: White = 22%, Black = 79%.} 0-1